000 00723nam a2200253Ia 4500
008 160303s9999 xx 000 0 und d
050 _aFIL BJ 66
050 _b.G83 2000 c.1
100 _aGualdo, Rosendo S.
245 _aEthics :
245 _bbasic concepts and contemporary moral issues /
245 _cRosendo S. Gualdo.
260 _aValenzuela City:
260 _bMutya Pub. House,
260 _c2000
300 _a184 pages :
300 _billustrations ;
300 _c25 cm.
500 _aIncludes bibliographical references.
650 _aEthics --
650 _aValues --
650 _xStudy and teaching (Higher) -- Philippines.
650 _xStudy and teaching (Higher) -- Philippines.
999 _c291187
_d291187